Atoms, molecules, and chemical change (Record no. 8253)
[ view plain ]
| 000 -LEADER | |
|---|---|
| fixed length control field | 00892cam a2200289 4500 |
| 001 - CONTROL NUMBER | |
| JCCL Control Number | 8253 |
| 003 - CONTROL NUMBER IDENTIFIER | |
| JCCL marc code | BD-JhCC |
| 005 - DATE AND TIME OF LATEST TRANSACTION | |
| control field | 20180220111344.0 |
| 008 - FIXED-LENGTH DATA ELEMENTS--GENERAL INFORMATION | |
| fixed length control field | 710524s1971 njuac b 001 0 eng |
| 020 ## - INTERNATIONAL STANDARD BOOK NUMBER | |
| International Standard Book Number | 013050260X |
| 035 ## - SYSTEM CONTROL NUMBER | |
| system control number | (BD-JhCC)8253 |
| 040 ## - CATALOGING SOURCE | |
| Original cataloging agency | DLC |
| Transcribing agency | DLC |
| Modifying agency | DLC |
| -- | BD-JhCC |
| 041 ## - LANGUAGE CODE | |
| Language code of Book | eng |
| 050 00 - LIBRARY OF CONGRESS CALL NUMBER | |
| Classification number | QD453.2 |
| Item number | .J64 1971 |
| 082 00 - DEWEY DECIMAL CLASSIFICATION NUMBER | |
| Classification number | 541/.2 |
| Author mark and Year | JOH 1971 |
| 100 1# - MAIN ENTRY--PERSONAL NAME | |
| Personal name | Johnsen, Russell H. |
| 245 10 - TITLE STATEMENT | |
| Title | Atoms, molecules, and chemical change |
| Statement of responsibility, etc | [by] Russell H. Johnsen [and] Ernest Grunwald. |
| 250 ## - EDITION STATEMENT | |
| Edition statement | 3d ed. |
| 260 ## - PUBLICATION, DISTRIBUTION, ETC. (IMPRINT) | |
| Place of publication, distribution, etc | Englewood Cliffs, N.J., |
| Name of publisher, distributor, etc | Prentice-Hall |
| Date of publication, distribution, etc | [1971] |
| 300 ## - PHYSICAL DESCRIPTION | |
| Pagination | 368 p. |
| Other physical details | illus. (part col.), ports. |
| Dimensions | 25 cm. |
| 500 ## - GENERAL NOTE | |
| General note | In 1960 ed. Grunwald's name appeared first on t.p. |
| 504 ## - BIBLIOGRAPHY, ETC. NOTE | |
| Bibliography, etc | Includes bibliographies. |
| 650 #0 - SUBJECT ADDED ENTRY--TOPICAL TERM | |
| Topical term or geographic name as entry element | Chemistry, Physical and theoretical. |
| 700 1# - ADDED ENTRY--PERSONAL NAME | |
| Personal name | Grunwald, Ernest, |
| Dates associated with a name | 1923-2002. |
| 942 ## - ADDED ENTRY ELEMENTS (KOHA) | |
| Source of classification or shelving scheme | Dewey Decimal Classification |
| Koha item type | Books |
| Source of classification or shelving scheme | Damaged status | Not for loan | Home library | Current library | Shelving location | Total Checkouts | Full call number | Barcode | Date last seen | Copy number | Koha item type |
|---|---|---|---|---|---|---|---|---|---|---|---|
| Dewey Decimal Classification | JCC Rouf Library | JCC Rouf Library | General Stacks | 541/.2 JOH 1971 | 10832 | 02/20/2018 | C - 1 | Books |